000 00466nam a22001697a 4500
003 NUST - PNEC
005 20170116181132.0
008 151006b xxu||||| |||| 00| 0 eng d
020 _a0335209610
040 _cLIBRARY
082 _a658.575 SHA
100 _914027
_aShattock, Michael
245 _aManaging successful universities
_cMichael Shattock
260 _cc.2003
650 _914032
_aUniversities and colleges--Administration
_xMIS
942 _2ddc
_cBK
999 _c70018
_d70018